Les 13 Villages de Niue - Statistiques

Statistiques générales
  • Ce quiz a été pris 14 fois
  • Le résultat moyen est 3 sur 13
Statistiques - réponses
Habitants (2001-2007) : Réponse % Correct
581 Alofi
100%
31 Toi
40%
88 Lakepa
20%
73 Liku
20%
140 Tamakautoga
20%
200 Avatele
10%
227 Hakupu
10%
65 Hikutavake
10%
87 Makefu
10%
133 Matalau
10%
14 Namukulu
10%
129 Tuapa
10%
62 Vaiea
10%
Aucun quiz correspondant
Distribution des résultats
% des personnes avec chaque résultat
Percentile par nombre de réponses
Votre historique - résultats
Vous n’avez pas pris ce quiz